[Event "7th Torneo del Vino"]
[Site "Montilla ESP"]
[Date "1977.??.??"]
[Round "2"]
[White "Calvo Minguez, Ricardo"]
[Black "Gligoric, Svetozar"]
[Result "0-1"]
[WhiteElo "2465"]
[BlackElo "2565"]
[EventDate "1977.08.??"]
[PlyCount "48"]

1.e4 e5 2.f4 exf4 3.Nf3 d6 4.d4 g5 5.Bc4 g4 6.O-O gxf3 7.Qxf3 Qf6 8.e5 
dxe5 9.dxe5 Qxe5 10.Bxf7+ Kxf7 11.Bxf4 Qf5 12.Nd2 Nf6 13.Rae1 Bc5+ 14.Kh1 
Re8 15.Rxe8 Kxe8 16.Qc3 Nc6 17.Bxc7 Bd4 18.Qg3 Qg4 19.Qe1+ Be6 20.h3 Qg8 
21.c3 Kd7 22.cxd4 Bd5 23.Qe2 Re8 24.Be5 Nxd4 0-1

[Event "7th Torneo del Vino"]
[Site "Montilla ESP"]
[Date "1977.??.??"]
[Round "3"]
[White "Gligoric, Svetozar"]
[Black "Taimanov, Mark"]
[Result "1-0"]
[WhiteElo "2565"]
[BlackElo "2530"]
[EventDate "1977.08.??"]
[PlyCount "99"]

1.d4 Nf6 2.c4 e6 3.Nc3 Bb4 4.e3 O-O 5.Bd3 d5 6.Nf3 c5 7.O-O dxc4 8.Bxc4 
Bd7 9.Qe2 Bc6 10.Rd1 Qe7 11.a3 Bxc3 12.bxc3 Nbd7 13.a4 Rfc8 14.Bb3 Qe8 15.
c4 cxd4 16.exd4 Nb6 17.a5 Ba4 18.Bxa4 Nxa4 19.Bd2 b6 20.Rdb1 bxa5 21.c5 
Nd5 22.Qd3 Rab8 23.Rxb8 Rxb8 24.Qc2 Nab6 25.cxb6 axb6 26.Ng5 g6 27.Qe4 Rc8
28.Qh4 h5 29.Qe4 a4 30.h3 b5 31.g4 hxg4 32.hxg4 Rc4 33.Qh1 Nf6 34.Ne4 Nxe4
35.Qxe4 Qd7 36.Be3 e5 37.Qxe5 Qxg4+ 38.Kh2 Qh4+ 39.Kg2 Qg4+ 40.Qg3 Qd7 41.
Qf3 Kg7 42.Rh1 b4 43.Bh6+ Kg8 44.Bg5 f5 45.Qf4 Qe6 46.Kg3 Rc3+ 47.f3 Kf7 
48.Rh7+ Kg8 49.Re7 Qa6 50.Qb8+ 1-0

[Event "7th Torneo del Vino"]
[Site "Montilla ESP"]
[Date "1977.??.??"]
[Round "5"]
[White "Gligoric, Svetozar"]
[Black "Garcia Padron, Jose"]
[Result "1-0"]
[WhiteElo "2565"]
[BlackElo "2425"]
[EventDate "1977.08.??"]
[PlyCount "71"]

1.d4 d5 2.c4 e6 3.Nf3 c5 4.cxd5 exd5 5.g3 Nc6 6.Bg2 Nf6 7.O-O Be7 8.Nc3 
O-O 9.dxc5 Bxc5 10.Na4 Be7 11.Be3 Re8 12.Rc1 Bg4 13.h3 Bxf3 14.Bxf3 Qd7 
15.Bg2 d4 16.Bg5 Ne4 17.Bxe7 Qxe7 18.Qd3 Rad8 19.Rfd1 f5 20.Qb5 Qf7 21.Nc5
Re7 22.Nxb7 Rxb7 23.Qxc6 Rxb2 24.Rxd4 Rxd4 25.Qa8+ Qf8 26.Rc8 Qxc8 27.
Qxc8+ Kf7 28.Qxf5+ Nf6 29.Qc5 Rd7 30.Bf3 h6 31.e4 Rdd2 32.e5 Nd7 33.e6+ 
Kxe6 34.Bg4+ Kf6 35.Bxd7 Rxd7 36.Qc3+ 1-0

[Event "7th Torneo del Vino"]
[Site "Montilla ESP"]
[Date "1977.??.??"]
[Round "6"]
[White "Calvo Minguez, Ricardo"]
[Black "Byrne, Robert"]
[Result "1-0"]
[WhiteElo "2465"]
[BlackElo "2580"]
[EventDate "1977.08.??"]
[PlyCount "87"]

1.Nf3 Nf6 2.c4 g6 3.b3 Bg7 4.Bb2 O-O 5.g3 c6 6.Bg2 d5 7.O-O Bf5 8.d3 Na6 
9.Nbd2 Re8 10.a3 Qd6 11.b4 e5 12.c5 Qc7 13.Qc2 e4 14.Nd4 exd3 15.exd3 Bd7 
16.N2b3 Re7 17.Bc1 Nh5 18.Bg5 f6 19.Bd2 Rae8 20.a4 Qc8 21.b5 Nc7 22.Rae1 
Ne6 23.Nxe6 Bxe6 24.Nd4 Bd7 25.Rxe7 Rxe7 26.a5 f5 27.Bc3 cxb5 28.Bxd5+ Kh8
29.a6 bxa6 30.c6 Be8 31.Qb3 Nf6 32.Be6 Qd8 33.Rc1 Qb6 34.Bb4 Rc7 35.Bc5 
Rxc6 36.Nxc6 Qxc6 37.d4 Ne4 38.d5 Qb7 39.Be3 Bd7 40.Qb4 Bxe6 41.dxe6 Kg8 
42.Rd1 Bf6 43.Rd7 Qc6 44.Rf7 1-0

[Event "7th Torneo del Vino"]
[Site "Montilla ESP"]
[Date "1977.??.??"]
[Round "6"]
[White "Garcia Padron, Jose"]
[Black "Taimanov, Mark"]
[Result "0-1"]
[WhiteElo "2425"]
[BlackElo "2530"]
[EventDate "1977.08.??"]
[PlyCount "68"]

1.c4 e5 2.Nc3 Nc6 3.g3 g6 4.Bg2 Bg7 5.e4 d6 6.Nge2 Be6 7.d3 Qd7 8.Be3 Nge7
9.Qd2 Bh3 10.Bxh3 Qxh3 11.Nd5 Nxd5 12.cxd5 Nd8 13.Qa5 c6 14.Qc7 cxd5 15.
Qxd6 d4 16.Bg5 Qe6 17.Qb4 f6 18.Bd2 a5 19.Qb5+ Qd7 20.a4 Qxb5 21.axb5 Ne6 
22.Rxa5 Rxa5 23.Bxa5 Kd7 24.O-O Rc8 25.f4 Rc2 26.f5 gxf5 27.exf5 Rxe2 28.
fxe6+ Kxe6 29.Rf2 Re3 30.Rd2 Re1+ 31.Kf2 Rc1 32.b6 f5 33.Re2 Kd5 34.Kf3 h5
0-1